000 00436 a2200145 4500
999 _c41835
_d41835
003 OSt
005 20230225133049.0
008 230225b ||||| |||| 00| 0 eng d
040 _coclc
082 _a954.84
_bKUT/C
245 _aCharithramurangunna ponnani /
_cT V Abdu Rahiman Kutty
260 _aKerala:
_bTirurangadi book stall,
_c2017
300 _a176 pages
942 _2ddc
_cBK
_h954.84
_iKUT/C
_k954.84
_mKUT/C